| 000 | 00865nam a2200265 a 4500 | ||
|---|---|---|---|
| 001 | BRL_101 | ||
| 005 | 20190320210605.0 | ||
| 008 | 890516s1986 mx-a#####b---#000-0#spa-# | ||
| 020 | _a968884036X | ||
| 040 |
_aDLC _cDLC _dCU |
||
| 041 | _aspaeng | ||
| 044 | _amx | ||
| 050 | 4 |
_aND259.R5 _b.R63 1986 |
|
| 100 | 1 |
_aRodríguez, Antonio _d1909- _95605 |
|
| 245 | 1 | 0 |
_aCanto a la tierra _blos murales de Diego Rivera en la capilla de Chapingo _cAntonio Rodríguez. |
| 260 |
_aMéxico _bUniversidad Autónoma Chapingo _c1986 |
||
| 300 |
_a25 p. _bil. a color, 35 láminas _c27 cm. |
||
| 500 | _aAu139 | ||
| 546 | _aTexto en: español e inglés | ||
| 600 | 1 | 4 |
_aRivera, Diego _d1886-1957 _xCreación _922914 |
| 600 | 1 | 4 |
_aRivera, Diego _d1886-1957 _xCrítica e interpretación _922915 |
| 710 | 2 |
_aUniversidad Autónoma Chapingo _922916 |
|
| 902 | _aGRL | ||
| 942 |
_2lcc _cB |
||
| 999 |
_c8914 _d8914 |
||